000 00407nam a22001817a 4500
005 20260410132716.0
008 260410b ||||| |||| 00| 0 eng d
082 _21
245 _aThe Hobbit
260 _aUnited Kingdom
_bGeorge Allen & Unwin
_cSeptember 21,1937
264 1 _31
337 _21
338 _21
526 _a000-099
655 _21
700 1 _aJ. R. R. Tolkien
942 _2ddc
_cFIC
_01
999 _c924
_d924